World Cup 2026 Stadiums - Statistics

General Stats
  • This quiz has been taken 20 times
    17 since last reset
  • The average score is 9 of 16
Answer Stats
Country State/Province Stadiums % Correct
United States of America Georgia Atlanta Stadium
80%
United States of America California Los Angeles Stadium
73%
United States of America Massachusetts Boston Stadium
67%
United States of America Texas Dallas Stadium
67%
United States of America Florida Miami Stadium
67%
United States of America Texas Houston Stadium
60%
United States of America Missouri Kansas City Stadium
60%
United States of America New Jersey MetLife Stadium
60%
United States of America Pennsylvania Philadelphia Stadium
60%
United States of America Washington Seattle Stadium
60%
Canada Ontario Toronto Stadium
60%
Canada British Columbia BC Place Vancouver
47%
Mexico Mexico City Estadio Azteca
47%
Mexico Nuevo Leon Estadio Monterrey
40%
Mexico Jalisco Estadio Guadalajara
33%
United States of America California San Francisco Bay Area Stadium
7%
No matching quizzes found
Score Distribution
Percent of People with Each Score
Percentile by Number Answered
Your Score History
You have not taken this quiz since the last reset